Logo

Description automatically generated
विद्यार्जन
 संसाधन केंद्र, भारतीय प्रौद्योगिकी संस्थान इन्दौर
Learning Resource Center, Indian Institute of Technology Indore

ऑनलाइन सार्वजनिक अभिगम प्रसूची
Online Public Access Catalogue (OPAC)

The long space : transnationalism and postcolonial form (Record no. 57301)

MARC details
000 -LEADER
fixed length control field 00665nam a2200205Ia 4500
005 - DATE AND TIME OF LATEST TRANSACTION
control field 20260629163254.0
008 - FIXED-LENGTH DATA ELEMENTS--GENERAL INFORMATION
fixed length control field 260629s9999||||xx |||||||||||||| ||und||
020 ## - INTERNATIONAL STANDARD BOOK NUMBER
International Standard Book Number 9780804762373
Qualifying information pbk
082 ## - DEWEY DECIMAL CLASSIFICATION NUMBER
Classification number 809.933581
Item number HIT
100 ## - MAIN ENTRY--PERSONAL NAME
Personal name Hitchcock, Peter
245 #4 - TITLE STATEMENT
Title The long space : transnationalism and postcolonial form
260 ## - PUBLICATION, DISTRIBUTION, ETC.
Place of publication, distribution, etc. Stanford
Name of publisher, distributor, etc. Stanford University Press
Date of publication, distribution, etc. 2010
300 ## - PHYSICAL DESCRIPTION
Extent xiv, 295p. ; 23cm.
490 ## - SERIES STATEMENT
Series statement Cultural memory in the present
653 ## - INDEX TERM--UNCONTROLLED
Uncontrolled term Literature, Modern--History and criticism
653 ## - INDEX TERM--UNCONTROLLED
Uncontrolled term Postcolonialism in literature
653 ## - INDEX TERM--UNCONTROLLED
Uncontrolled term Space and time in literature
653 ## - INDEX TERM--UNCONTROLLED
Uncontrolled term Transnationalism in literature
942 ## - ADDED ENTRY ELEMENTS (KOHA)
Koha item type Book
Holdings
Withdrawn status Lost status Damaged status Not for loan Home library Current library Shelving location Date acquired Source of acquisition Total Checkouts Full call number Barcode Date last seen Price effective from Koha item type
        LRC, IIT Indore LRC, IIT Indore 2nd Floor - General Stack 29/06/2026 Gratis Book Price: USD 30.00   809.933581 HIT G2526 29/06/2026 29/06/2026 Book
Copyright © 2017-2026 Indian Institute of Technology Indore. All Rights Reserved.
Managed & maintained by Learning Resource Center, IIT Indore